00315nam a2200121Ia 4500008004100000020001800041100001800059245005400077250000800131260003800139300000800177650000800185191201s2012 xx 000 0 und d a9780977858255 aGoyal, Manish 0aComputer Based numerical & Statistical Techniques aRep c2012bLaxmi PublicationsaN.Delhi a588 aMCA